000 00426nam a2200157Ia 4500
008 221030s9999 xx 000 0 und d
020 _a8120346710
041 _aEnglish
100 _aP. K. D. Gupta
245 0 _aCloud Computing - Based Projects Using Distributed Architecture
_cby P. K. D. Gupta, M. Nayak
260 _bPHI
_aNew Delhi
_c2015
300 _a324
650 _aComputers
700 _aM. Nayak
942 _cBK
999 _c15596
_d15596